Online Catalogue and eLibrary

An anthology of contemporary Sri lankan short stories in English (Record no. 4457)

MARC details
000 -LEADER
fixed length control field 00484nam a2200157Ia 4500
005 - DATE AND TIME OF LATEST TRANSACTION
control field 20241023060249.0
008 - FIXED-LENGTH DATA ELEMENTS--GENERAL INFORMATION
fixed length control field 240331s9999 xx 000 0 und d
020 ## - INTERNATIONAL STANDARD BOOK NUMBER
ISBN 9559068008
082 ## - DDC Classification
Item Number - Author Mark ANT
Class No. 823
245 #3 - TITLE STATEMENT
Title An anthology of contemporary Sri lankan short stories in English
260 ## - PUBLICATION, DISTRIBUTION, ETC.
Place of publication, distribution, etc. Colombo
Name of publisher, distributor, etc. English Association of Sri Lanka
Date of publication, distribution, etc. 1990
300 ## - PHYSICAL DESCRIPTION
Extent (e.g. Volumes, Pages etc.) x, 193 p .,
500 ## - GENERAL NOTE
General note An Anthology of Contemporary Sri Lankan Poetry in English.
700 ## - ADDED ENTRY--PERSONAL NAME
Personal name Halpe, A.
Relator term (Role) Editor
942 ## - Koha item type (Biblio)
Koha item type Books in Stacks (Lending)
Holdings
Lost status Damaged status Collection code Home library Current library Shelving location Date acquired Full call number Accession Number Item type
    Lending WERC Library WERC Library Social Science Cupboard 03/31/2024 823 ANT 66 Books in Stacks (Lending)

© WERC Library